Lógica aplicada al razonamiento del derecho / (Registro nro. 6896)

Detalles MARC
000 -LEADER
fixed length control field 01465nam a22003017a 4500
003 - CONTROL NUMBER IDENTIFIER
control field OSt
005 - DATE AND TIME OF LATEST TRANSACTION
control field 20201002093423.0
008 - FIXED-LENGTH DATA ELEMENTS--GENERAL INFORMATION
fixed length control field 201002s2017 ck ad||gr|||| 00| 0 spa d
020 ## - INTERNATIONAL STANDARD BOOK NUMBER
International Standard Book Number 9789588934624
040 ## - CATALOGING SOURCE
Original cataloging agency CO-JMCR
Transcribing agency CO-JMCR
041 0# - LANGUAGE CODE
Language code of text/sound track or separate title spa
082 04 - DEWEY DECIMAL CLASSIFICATION NUMBER
Classification number 340.1 /
Item number A282l
Edition number 23
100 1# - MAIN ENTRY--PERSONAL NAME
Personal name Agudelo Giraldo, Oscar Alexis,
Relator term autor
9 (RLIN) 11124
245 10 - TITLE STATEMENT
Title Lógica aplicada al razonamiento del derecho /
Statement of responsibility, etc. Oscar Alexis Agudelo Giraldo, Manuel Asdrúbal Prieto Salas, Jorge Enrique León Molina, [y otro 1].
250 ## - EDITION STATEMENT
Edition statement Segunda edición
260 ## - PUBLICATION, DISTRIBUTION, ETC.
Place of publication, distribution, etc. Bogotá :
Name of publisher, distributor, etc. Universidad Catolica de Colombia,
Date of publication, distribution, etc. 2017.
300 ## - PHYSICAL DESCRIPTION
Extent 154 páginas :
Other physical details ilustraciones a blanco y negro ;
Dimensions 24 cm.
490 ## - SERIES STATEMENT
Series statement Filosofía ;
Volume/sequential designation 3
504 0# - BIBLIOGRAPHY, ETC. NOTE
Bibliography, etc. note Bibliografía: páginas 153.
505 0# - FORMATTED CONTENTS NOTE
Formatted contents note Subsunción y aplicación en el derecho. -- Lógica, derecho y política. -- Derecho, lógica y sistemas. -- Operatividad lógica de los sistemas maestros
520 0# - SUMMARY, ETC.
Summary, etc. Los campos de interrelación entre la lógica y el derecho estriban en disciplinas como la lógica jurídica, la lógica de normas, la lógica de proposiciones normativas la lógica deóntica y lógica de los sistemas jurídicos.
650 24 - SUBJECT ADDED ENTRY--TOPICAL TERM
Topical term or geographic name entry element Filosofía del derecho
9 (RLIN) 7925
650 24 - SUBJECT ADDED ENTRY--TOPICAL TERM
Topical term or geographic name entry element Argumentación jurídica
9 (RLIN) 9824
650 24 - SUBJECT ADDED ENTRY--TOPICAL TERM
Topical term or geographic name entry element Interpretación del derecho
9 (RLIN) 7942
700 1# - ADDED ENTRY--PERSONAL NAME
Personal name Prieto Salas, Manuel Asdrúbal,
Relator term autor
9 (RLIN) 11125
700 1# - ADDED ENTRY--PERSONAL NAME
Personal name León Molina, Jorge Enrique,
Relator term autor
9 (RLIN) 11126
942 ## - ADDED ENTRY ELEMENTS (KOHA)
Source of classification or shelving scheme Dewey Decimal Classification
Koha item type Books
Existencias
Withdrawn status Lost status Source of classification or shelving scheme Damaged status Not for loan Home library Current library Shelving location Date acquired Source of acquisition Total Checkouts Full call number Barcode Date last seen Copy number Price effective from Koha item type
    Dewey Decimal Classification     Biblioteca Pública José María del Castillo y Rada Biblioteca Pública José María del Castillo y Rada General Stacks 04/15/2018 Donación   340.1 / A282l 201810084 05/16/2024 Ej.1 04/15/2018 Books